Hamlet: príncipe de Dinamarca

Sparad:
Bibliografiska uppgifter
Huvudupphovsman: Shakespeare, William (Författare, medförfattare)
Materialtyp: Bok
Språk:spanska
Publicerad: Barcelona Salvat 1969
Serie:Biblioteca Basica Salvat
Ämnen:
Taggar: Lägg till en tagg
Inga taggar, Lägg till första taggen!

MARC

LEADER 00000nam a2200000 a 4500
001 UCH5351
003 CL-VaPUC
008 091014e19690000SP |||||||||||||||||spa|d
082 0 4 |a 822  |b SHA  |2 21 
100 |a Shakespeare, William  |e author  |9 265757 
245 1 0 |a Hamlet: príncipe de Dinamarca 
300 |a 171 p 
942 |c BK 
945 |d 20091014 00:00:00  |a lazolas 
260 |a Barcelona  |b Salvat  |c 1969 
650 0 |a Dramas ingleses  |9 269396 
583 |a last modification  |c 20160520 16:17:05  |k Rodrigo Vera 
490 0 |a Biblioteca Basica Salvat 
999 |c 336509  |d 336507